000 00308nam a22001337a 4500
008 170621b xxu||||| |||| 00| 0 eng d
020 _a9780691048901
041 _aeng
080 _a32
100 _a20
101 _aSHP
245 _aIN THE SHADOW OF THE GARRISON STATE
_cFRIEDBERG, A.L
942 _2udc
_cBK
999 _c18506
_d18506